Loading...
| Science - Chemistry | 0 | 4 | 0 | 0 | 40 | 82 | 108.75 | 0 | 4 | 6.80 | 20.00 |
| Geography | 1 | 1 | 0 | 1 | 25 | 28 | 80.00 | 1 | 2 | 26.29 | 50.00 |
| Science - Biology | 0 | 2 | 0 | 0 | 20 | 81 | 98.00 | 0 | 2 | 4.09 | 12.50 |
| Science - Physics | 0 | 2 | 0 | 1 | 20 | 121 | 127.00 | 0 | 2 | 0.16 | 5.00 |
| History - Other | 0 | 2 | 0 | 1 | 20 | 117 | 132.00 | 0 | 1 | 1.55 | 8.33 |
| Fine Arts - Other | 0 | 1 | 0 | 0 | 10 | 105 | 105.00 | 0 | 1 | 2.45 | 7.50 |
| Literature - World | 0 | 1 | 0 | 1 | 10 | 147 | 147.00 | 0 | 1 | 0.00 | 2.50 |
| Mythology | 0 | 1 | 0 | 0 | 10 | 105 | 105.00 | 0 | 1 | 1.92 | 5.56 |
| Religion | 0 | 1 | 0 | 1 | 10 | 136 | 136.00 | 1 | 1 | 0.16 | 5.56 |
| Philosophy | 0 | 0 | 0 | 0 | 0 | 0.00 | 0 | 0 | 0.00 | 0.00 | |
| Social Science | 0 | 0 | 0 | 0 | 0 | 0.00 | 0 | 0 | 0.00 | 0.00 | |
| Literature - British | 0 | 0 | 0 | 0 | 0 | 0.00 | 0 | 0 | 0.00 | 0.00 | |
| Literature - European | 0 | 0 | 0 | 0 | 0 | 0.00 | 0 | 0 | 0.00 | 0.00 | |
| Literature - American | 0 | 0 | 0 | 0 | 0 | 0.00 | 0 | 0 | 0.00 | 0.00 | |
| History - American | 0 | 0 | 0 | 0 | 0 | 0.00 | 0 | 0 | 0.00 | 0.00 |